Der industriöse Mensch : die Industriepädagogik des 18. Jahrhunderts als ein Spiegel der Pädagogik der Gegenwart /

Hlavní autor: König, Michael
Jazyk: Němčina
Vydáno: Frankfurt am Main : M. Diesterweg, 1984
Vydání: 1. Aufl.
Edice: Themen der Pädagogik
Témata:
Fyzický popis: 132 s.
Knihy
Uloženo v:
LEADER 00779nam a22002172a 4500
001 000187603
003 CZ BrMZK
005 19970107143423.0
008 970107s1984 gw f ger d
040 |a BOA001  |b cze 
100 1 |a König, Michael 
245 1 4 |a Der industriöse Mensch :  |b die Industriepädagogik des 18. Jahrhunderts als ein Spiegel der Pädagogik der Gegenwart /  |c Michael König 
250 |a 1. Aufl. 
260 |a Frankfurt am Main :  |b M. Diesterweg,  |c 1984 
300 |a 132 s. 
490 1 |a Themen der Pädagogik 
830 0 |a Themen der Pädagogik 
910 |a BOA001  |b PK-0100.152 
964 |a Pedagogika průmyslová - Německo - stol.18. - studie 
990 |a BK 
996 7 |b 3119946059  |c PK-0100.152  |l MZK  |r Sklad / do 1 hodiny  |n 0  |w 000187603  |u 000010  |a 1  |e BOA001  |j MZK50  |s A